|
|
|
|
| LEADER |
00000cas a2200000 a 4500 |
| 001 |
vtls010300315 |
| 003 |
SK-MaSNL |
| 005 |
20260228163023.0 |
| 008 |
110810d19111940xo wr|ne 0 b0hun |
| 040 |
|
|
|a SNK
|b slo
|c SNK
|e AACR2
|
| 041 |
0 |
|
|a hun
|
| 043 |
|
|
|a e-xo---
|
| 044 |
|
|
|a xo
|c SK
|
| 080 |
|
|
|a 32
|2 2011
|
| 080 |
|
|
|a 316.728
|2 2011
|
| 080 |
|
|
|a (437.6)
|2 2011
|
| 080 |
|
|
|a 050
|2 2001
|
| 080 |
|
|
|a [050+070.48]-027.541
|2 2001
|
| 245 |
0 |
0 |
|a Nyitravármegye
|b politikai Ujság
|
| 246 |
1 |
3 |
|a Nyitra-vármegye
|
| 260 |
|
|
|a Nitra
|b Fülöp Faith
|c 1911-1940
|
| 260 |
3 |
|
|3 17/1939-1940
|a Nitra
|b Dallos István
|
| 300 |
|
|
|a 31 zv.
|c 40 cm
|
| 310 |
|
|
|a 1x týždenne
|
| 362 |
0 |
|
|a Roč. II (11.11.1911)-roč. XXXI, č. 9 (25.2.1940)
|
| 500 |
|
|
|a Zmena podnázvu: od č. 20 (1915) Nyitrai Hírlap - Neutrauer Zeitung, od roč. XI (1920) bez podnázvu
|
| 500 |
|
|
|a Zodp. red. a vyd. dr. Fülöp Faith, od 1/1920-16/1939 Fülöp Faith ; Dallos István od 17/1939-1940
|
| 500 |
|
|
|a Tlač. Hermes v Nitre, od 15. decembra 1912 Zsigmond Iritzer v Nitre, od 4/1913 A. Löwy és fiai v Nitre ; od 1/1920 Antal Löwy könyvnyomda; od 7/1928 Antal Löwy és Fia ; v roku 1939 Lővy Antal a syn
|
| 500 |
|
|
|a Nadvazuje na predchádzajúci titul: Nyitramegye
|
| 650 |
0 |
7 |
|a politika
|2 SNKPH
|9 968
|
| 650 |
0 |
7 |
|a spoločenský život
|2 SNKPH
|9 28654
|
| 651 |
|
7 |
|a Nitra (Slovensko)
|2 SNKPHgeo
|9 15714
|
| 655 |
|
7 |
|a regionálne časopisy
|2 SNKPH
|9 265646
|
| 700 |
1 |
|
|a Faith Fillip,
|d 1880-1945
|4 Iso
|4 pbl
|9 199819
|
| 700 |
1 |
|
|a Dallos, István
|4 Iso
|4 pbl
|9 272792
|
| 780 |
0 |
0 |
|t Nyitramegye
|
| 852 |
|
|
|a SNK
|b 10000
|h snkČSA 118
|
| 852 |
|
|
|a BOJSA
|b 5180000
|
| 852 |
|
|
|a HUOSZK
|b 5030000
|h H 11461
|
| 852 |
|
|
|a UKB
|b 300000
|h 21 A 100
|
| 852 |
|
|
|a UKB
|b 300000
|h 26 A 2
|
| 852 |
|
|
|a PANKP
|b 5000000
|h IV 1347
|
| 852 |
|
|
|a PANKP
|b 5000000
|h 52 A 48
|
| 910 |
|
|
|a snk
|
| 999 |
|
|
|c 8740
|d 10670
|
| 952 |
|
|
|0 0
|1 0
|4 0
|7 0
|a SNK
|b SNK
|d 2002-01-25
|l 0
|o snkČSA 118/5/1914
|p 17A0330405
|r 2005-01-02 00:00:00
|w 2026-02-21
|y PREZ
|
| 952 |
|
|
|0 0
|1 0
|4 0
|7 0
|a SNK
|b SNK
|d 2002-01-25
|l 0
|o snkČSA 118/6/1915
|p 17A0330366
|r 2005-01-02 00:00:00
|t č. 1-52
|w 2026-02-21
|y PREZ
|
| 952 |
|
|
|0 0
|1 0
|4 0
|7 0
|a SNK
|b SNK
|d 2004-01-05
|i snk 1778/43
|l 0
|o snkČSA 118/23/1932
|p 17A0409045
|r 2005-01-02 00:00:00
|w 2026-02-21
|y PREZ
|
| 952 |
|
|
|0 0
|1 0
|4 0
|7 0
|a SNK
|b SNK
|d 2004-01-05
|i snk 4253/34
|l 0
|o snkČSA 118/24/1933
|p 17A0409055
|r 2005-01-02 00:00:00
|w 2026-02-21
|y PREZ
|
| 952 |
|
|
|0 0
|1 0
|4 0
|7 0
|a SNK
|b SNK
|d 2004-01-05
|i snk 2148/35
|l 0
|o snkČSA 118/25/1934
|p 17A0407368
|r 2005-01-02 00:00:00
|w 2026-02-21
|y PREZ
|
| 952 |
|
|
|0 0
|1 0
|4 0
|7 0
|a SNK
|b SNK
|d 2004-01-05
|i snk 157/38
|l 0
|o snkČSA 118/26/1935
|p 17A0407074
|r 2005-01-02 00:00:00
|w 2026-02-21
|y PREZ
|
| 952 |
|
|
|0 0
|1 0
|4 0
|7 0
|a SNK
|b SNK
|d 2004-01-05
|i snk 138/38
|l 0
|o snkČSA 118/27/1936
|p 17A0407148
|r 2005-01-02 00:00:00
|w 2026-02-21
|y PREZ
|
| 952 |
|
|
|0 0
|1 0
|4 0
|7 0
|a SNK
|b SNK
|d 2004-01-05
|l 0
|o snkČSA 118/28/1937
|p 17A0409047
|r 2005-01-02 00:00:00
|w 2026-02-21
|y PREZ
|
| 952 |
|
|
|0 0
|1 0
|4 0
|7 0
|a SNK
|b SNK
|d 2004-01-05
|i snk 1664/43
|l 0
|o snkČSA 118/29/1938
|p 17A0409046
|r 2005-01-02 00:00:00
|w 2026-02-21
|y PREZ
|
| 952 |
|
|
|0 0
|1 0
|4 0
|7 0
|a SNK
|b SNK
|d 2004-01-05
|i snk 1666/43
|l 0
|o snkČSA 118/31/1940
|p 17A0407147
|r 2005-01-02 00:00:00
|w 2026-02-21
|y PREZ
|
| 952 |
|
|
|0 0
|1 0
|4 0
|7 0
|a SNK
|b SNK
|d 2004-01-05
|i snk 1665/43
|l 0
|o snkČSA 118/30/1939
|p 17A0407317
|r 2005-01-02 00:00:00
|w 2026-02-21
|y PREZ
|